1381 1459 1790 1395 1317 1627 1769 1261 1877 1839 1710 1503 1792 1380 1204 1437 1343 1133 1059 1334 1126 1363 1815 1967 1616 1728 1959 1695 1169 1434 1971 1960 1767 1445 1622 1202 1740 1643 1189 1246 1414 1130 1205 1122 1900 1749 1428 1182 1802 1021 1407 1170 1789 1702 1423 1784 1923 1210 1739 1502 1890 1508 1960 1512 1319 1183 1757 1874 1167 1524 1523 1428 1222 1574 1972 1600 1327 1178 1799 1046 1224 1846 1584 1527 1295 1342 1359 1264 1409 1542 1914 1241 1249 1526 1110 1167 1804 1316 1732 BCNSPRNW ULIB Ver.6.0+V

เปลี่ยนเป็นภาษาไทย

Change to English
 แสดงรายละเอียดบรรณานุกรม
  กลับหน้าหลัก

Brief Record : Get Marc (ISO 2709) : E-mail record : QR code < ปิดหน้าต่าง
LEADER : 00000nam 2200000uu 4500
001    13399122113
003     ULIB
008    121227s2551||||th 000 0 tha d
020    ^a9789741383696
090    ^aนว.^bพ626จ
100 0  ^aพาสเวิร์ด
245 00 ^aเจ้าหัวใจทะเลทราย/^cพาสเวิร์ด
250    ^aพิมพ์ครั้งที่ 3
260    ^aกรุงเทพฯ :^bอักษรศาสตร์ พับลิเคชั่น,^c2551
300    ^a267 หน้า
945    ^p229^l0^i023613
995    ^aวิภา
999 ^a ใช้งานได้ทุกระบบ
รายการนี้ยังไม่มีแท็ก
คุณยังไม่ได้ล็อกอิน คุณสามารถมีกิจกรรมร่วมกับเว็บไซต์ได้ แต่ต้องล็อกอินก่อน ::
  ล็อกอิน

รายการสื่อสารสนเทศ

ลำดับที่ ประเภท เลขเรียก/บาร์โค้ด สถานที่ สถานะ
1. นวนิยาย
นวนิยาย
นว. พ626จ  
  Barcode: 023613
ห้องสมุดวิทยาเขตสวรรค์ประชารักษ์
►นวนิยาย
ถูกยืม กำหนดส่งวันที่ 5 ธันวาคม 2561
  จอง

รายการใกล้เคียง
    ผู้แต่ง [พาสเวิร์ด]

BibComment


ยังไม่เคยถูกคอมเมนท์

คอมเมนท์ทรัพยากรรายการนี้
  คอมเมนท์: เจ้าหัวใจทะเลทรา..


 Copyright 2026. Bcnsprnw @Library